| 000 | 00592nam a2200181 i 4500 | ||
|---|---|---|---|
| 001 | bg | ||
| 100 | 1 | _aDOMIN, Tadeusz | |
| 245 | 0 |
_aWpływ warunków eksploatacji wełen mineralnych na ich trwałość oraz oddziaływanie na elementy metalowe / _cTadeusz Domin. |
|
| 260 |
_aKraków, _c1975. |
||
| 490 | 1 |
_aZeszyt Naukowy / Politechnika Krakowska ; _vnr 2 |
|
| 650 | 9 |
_aWełna mineralna _xbadanie |
|
| 830 | 0 |
_aZeszyt Naukowy (Politechnika Krakowska) ; _vnr 2 |
|
| 040 | _cBPK | ||
| 041 | _apol | ||
| 080 | _a677.5:621.6:620.1 | ||
| 942 | _cKS | ||
| 008 | s pl f |000 0 pol | ||
| 999 |
_c16316 _d16316 |
||
| 856 |
_uhttp://koha.tu.koszalin.pl/cgi-bin/koha/opac-detail.pl?biblionumber=16316 _yKatalog online BPK |
||